Métamorphoses de l’intelligence. Que faire de leur cerveau bleu ?, Catherine Malabou, Puf, 2017, 184 p., 15 € (notice n° 1626169)
[ vue normale ]
| 000 -LEADER | |
|---|---|
| fixed length control field | 01078cam a2200169 4500500 |
| 005 - DATE AND TIME OF LATEST TRANSACTION | |
| control field | 20260111093349.0 |
| 041 ## - LANGUAGE CODE | |
| Language code of text/sound track or separate title | fre |
| 042 ## - AUTHENTICATION CODE | |
| Authentication code | dc |
| 100 10 - MAIN ENTRY--PERSONAL NAME | |
| Personal name | Chalier, Jonathan |
| Relator term | author |
| 245 00 - TITLE STATEMENT | |
| Title | Métamorphoses de l’intelligence. Que faire de leur cerveau bleu ?, Catherine Malabou, Puf, 2017, 184 p., 15 € |
| 260 ## - PUBLICATION, DISTRIBUTION, ETC. | |
| Date of publication, distribution, etc. | 2017.<br/> |
| 500 ## - GENERAL NOTE | |
| General note | 55 |
| 520 ## - SUMMARY, ETC. | |
| Summary, etc. | Les médias et les réseaux sociaux donnent une portée mondiale à des désordres locaux, comme les bavures policières et les occupations de l’espace public. Leur traitement différencié par les autorités interrogent la capacité de ses mouvements à susciter des réformes. |
| 520 ## - SUMMARY, ETC. | |
| Summary, etc. | Medias and social networks confer a worldwide reach to local disorders, such as police abuse and occupy movements. Their differentiated management by public authorities questions the ability of these movements to bring about reforms. |
| 786 0# - DATA SOURCE ENTRY | |
| Note | Esprit | Décembre | 12 | 2017-11-22 | p. 147o-182o | 0014-0759 |
| 856 41 - ELECTRONIC LOCATION AND ACCESS | |
| Uniform Resource Identifier | <a href="https://shs.cairn.info/revue-esprit-2017-12-page-147o?lang=fr&redirect-ssocas=7080">https://shs.cairn.info/revue-esprit-2017-12-page-147o?lang=fr&redirect-ssocas=7080</a> |
Pas d'exemplaire disponible.




Réseaux sociaux